Members of the Guardians of the Galaxy by Picture - Statistics

General Stats
  • This quiz has been taken 62 times
  • The average score is 11 of 14
Answer Stats
Picture Answer % Correct
Rocket Raccoon/89P13
100%
Star-Lord/Peter Quill
100%
Gamora Zen Whoberi Ben Titan
96%
Groot
96%
Thunder/Thor Odinson
92%
Drax the Destroyer
90%
Nebula
90%
Mantis
88%
Yondu Udonta
76%
Adam Warlock
69%
Cosmo the Spacedog
63%
Kraglin Obfonteri
57%
Phyla
27%
Blurp
16%
No matching quizzes found
Score Distribution
Percent of People with Each Score
Percentile by Number Answered
Your Score History
You have not taken this quiz